[Event "NOR-chB"]
[Site "Moss"]
[Date "2006.07.09"]
[Round "2"]
[White "Stein, Arne W"]
[Black "Paulshus, Anders"]
[Result "0-1"]
[WhiteElo "1143"]
[BlackElo "1132"]
[PlyCount "38"]
[EventDate "2006.07.08"]
[EventType "swiss"]
[EventRounds "9"]
[EventCountry "NOR"]
[SourceTitle "EXT 2007"]
[Source "ChessBase"]
[SourceDate "2006.11.23"]
[SourceVersion "1"]
[SourceVersionDate "2006.11.23"]
[SourceQuality "1"]

1. e4 e5 2. f4 Bc5 3. Nf3 d6 4. Bc4 Nf6 5. d3 Nc6 6. fxe5 dxe5 7. Bb5 0-0 8. Bxc6 bxc6 9. Nxe5 Qd4 10. Qf3 Qxe5 11. c3 Bb6 12. Bf4 Qb5 13. b3 Bg4 14. Qg3 Rfe8 15. Nd2 Rad8 16. Nc4 Nxe4 17. dxe4 Rxe4+ 18. Kf1 Be2+ 19. Ke1 Bxc4+ 0-1